Welcome to CU Library Online Public Access Catalogue (OPAC)

MATHEMATICAL & STSTISTICAL TABLES & FORMULAE (Record no. 1059)

MARC details
000 -LEADER
fixed length control field 00452nam a22001697a 4500
005 - DATE AND TIME OF LATEST TRANSACTION
control field 20241112105901.0
008 - FIXED-LENGTH DATA ELEMENTS--GENERAL INFORMATION
fixed length control field 241112b |||||||| |||| 00| 0 eng d
020 ## - INTERNATIONAL STANDARD BOOK NUMBER
International Standard Book Number 9964700296
050 ## - LIBRARY OF CONGRESS CALL NUMBER
Classification number QA 47
Item number OFO
100 ## - MAIN ENTRY--PERSONAL NAME
Personal name J. B. OFOSU
245 ## - TITLE STATEMENT
Title MATHEMATICAL & STSTISTICAL TABLES & FORMULAE
260 ## - PUBLICATION, DISTRIBUTION, ETC.
Place of publication, distribution, etc. ACCRA
Name of publisher, distributor, etc. AFRAM PUBLICATIONS
Date of publication, distribution, etc. c1978
300 ## - PHYSICAL DESCRIPTION
Extent VII, 85p
500 ## - GENERAL NOTE
General note INCLUDES 4 FIGURE TABLES
700 ## - ADDED ENTRY--PERSONAL NAME
Personal name C. H. LUTTERODT
942 ## - ADDED ENTRY ELEMENTS (KOHA)
Source of classification or shelving scheme Library of Congress Classification
Koha item type Books
Suppress in OPAC No
999 ## -
-- 1059
-- 1059
Holdings
Withdrawn status Lost status Source of classification or shelving scheme Damaged status Not for loan Collection Home library Current library Shelving location Date acquired Total checkouts Full call number Barcode Date last seen Copy number Price effective from Koha item type
    Library of Congress Classification     Non-fiction Undergraduate Library (Christ Temple) Undergraduate Library (Christ Temple) General stacks 11/12/2024   QA 47 OFO ulct00000280 11/12/2024 1 11/12/2024 Books
    Library of Congress Classification     Non-fiction Undergraduate Library (Christ Temple) Undergraduate Library (Christ Temple) General stacks 11/12/2024   QA 47 OFO ulct00000281 11/12/2024 2 11/12/2024 Books
    Library of Congress Classification     Non-fiction Undergraduate Library (Christ Temple) Undergraduate Library (Christ Temple) General stacks 11/12/2024   QA 47 OFO ulct00000282 11/12/2024 3 11/12/2024 Books
© 2023-2024 Copyright: Central University Libraries. All Rights Reserved | Created by: Mahone Tech Office